1465 1030 1287 1670 1876 1689 1238 1178 1692 1290 1955 1613 1224 1984 1626 1987 1275 1897 1824 1956 1763 1324 1538 1964 1845 1981 1617 1714 1634 1718 1375 1350 1722 1213 1815 1243 1814 1578 1070 1582 1796 1715 1155 1253 1126 1049 1675 1153 1647 1941 1535 1038 1753 1701 1158 1738 1846 1365 1882 1791 1590 1511 1239 1661 1030 1348 1787 1915 1003 1361 1898 1115 1552 1745 1099 1443 1374 1954 1619 1500 1216 1214 1234 1541 1744 1399 1001 1385 1995 1989 1665 1784 1386 1653 1351 1655 1000 1569 1999 BCNSPRNW ULIB Ver.6.0+V

เปลี่ยนเป็นภาษาไทย

Change to English
 แสดงรายละเอียดบรรณานุกรม
  กลับหน้าหลัก

Brief Record : Get Marc (ISO 2709) : E-mail record : QR code < ปิดหน้าต่าง
LEADER : 00000nam 2200000uu 4500
001    13399112207
003     ULIB
008    110801s2554||||th 000 0 tha d
020    9786160602421
090    นว.^bอ525พ 2554
100 0  อัญชรีย์
245 00 พันธนาการดาว./^cอัญชรีย์
250    พิมพ์ครั้งที่ 2
260    กรุงเทพฯ:^bแจ่มใส, ^c2554.
300    355 หน้า
945    ^p219^l0^i18462
995    เกษร
999 ^a ใช้งานได้ทุกระบบ
รายการนี้ยังไม่มีแท็ก
คุณยังไม่ได้ล็อกอิน คุณสามารถมีกิจกรรมร่วมกับเว็บไซต์ได้ แต่ต้องล็อกอินก่อน ::
  ล็อกอิน

รายการสื่อสารสนเทศ

ลำดับที่ ประเภท เลขเรียก/บาร์โค้ด สถานที่ สถานะ
1. นวนิยาย
นวนิยาย
นว. อ525พ 2554  
  Barcode: 18462
ห้องสมุดวิทยาเขตสวรรค์ประชารักษ์
►นวนิยาย
บนชั้น
  ขอยืม

รายการใกล้เคียง
    ผู้แต่ง [อัญชรีย์]

BibComment


ยังไม่เคยถูกคอมเมนท์

คอมเมนท์ทรัพยากรรายการนี้
  คอมเมนท์: พันธนาการดาว อัญช..


 Copyright 2026. Bcnsprnw @Library